00738nam a2200217 a 45000050016000000080041000160100014000570200026000710350013000970370015001100400018001250820011001431000019001542450076001732600042002492700089002913000025003805000040004056500041004456510034004862009062909349.0900126s1989 ii b 001 0 eng  aENG-94285 a9788184551457c750.00 aEN-77818 bDBAD / PUB adplbEnglish  a324.23 aNarendra Singh aEconomic policies of the Indian political parties /cby Narendra Singh  aNew Delhi bOmega Publications c2009 a4378/4B, J4 JMD House, Murari Lal Street, Ansari Road, DaryaganjbNew Delhi e110002 av, 320p. c23cm(Hb)  aIncludes bibliographical references aPolitical partieszIndiaxPlatforms. aIndiaxEconomic policyy1947-